Quizzes
Events
Quiz Creation
Community
Videos
Private Events
Remove Ads
Sign In
Join for FREE
Feedback
Dark Mode
Quiz Categories
Sports
Geography
Music
Movies
Television
Just For Fun
Miscellaneous
History
Literature
Language
Science
Gaming
Entertainment
Religion
Holiday
For Kids
Quiz Lab
Recent
Popular Today
Quiz Kudos Today
Editor Picks
Curator Picks
Quizzes by...
Day
Popularity
Type
Ratings
Length
Year
Community
Subscriptions
Recent Discussions
Orange Saloon
Badges
Playlists
Quests
Create
Leaderboards
Showdown
Live 5
Trivia Bingo
Activity
Puzzle Library
Sporcle Events
Private Events
Virtual Trivia
Globe League
Become a Host
Pub Owners
SporcleCon
Opinionation
Our Games
Videos
Blog
Mobile Apps
Partnerships
Remove Ads and Go Orange
Feedback
Geography
Country
Landmarks
City
State
Population
World
Capital
Continent
Flags
Europe
Africa
Asia
South America
North America
Oceania
Border
Canada
United Kingdom
Topography
United States
Geography
Country
Landmarks
City
State
Population
World
Capital
Continent
Flags
Europe
Africa
Asia
South America
North America
Oceania
Border
Canada
United Kingdom
Topography
United States
Random Quiz
Search Sporcle
×
Quiz Lab
Quiz Lab
Geography
City
Type in answers that appear in a list
Type in answers that appear in a list
Classic
Best Score? Go Orange.
Cities in Los Angeles County Stats
Can you name the cities in Los Angeles County?
By
warren111770
10m
88 Questions
428 Plays
428 Plays
428 Plays
Comments
Comments
Give Quiz Kudos
Give Quiz Kudos
-
- Ratings
hide this ad
Replay
Link that replays current quiz
Next Quiz
Link to next quiz in quiz playlist
You Got
0%
They Got
Avg Score
53%
Avg Friend Score
Upgrade to see
Score Distribution
Jump to the score distribution portion of the page
Score
0/88
Timer
10:00
0
Plays Today
City
% Correct
Los Angeles
96.5%
Long Beach
89.7%
Santa Monica
87.1%
Pasadena
85.5%
Compton
82.7%
Glendale
79%
Beverly Hills
78.3%
Burbank
77.3%
Inglewood
74.5%
West Hollywood
73.4%
Malibu
72.2%
Torrance
70.6%
Redondo Beach
69.9%
Bell
69.4%
West Covina
67.5%
Manhattan Beach
67.3%
Culver City
66.1%
Pomona
65.2%
Covina
63.8%
Carson
63.3%
Palmdale
63.3%
Downey
61.9%
Alhambra
60.7%
San Fernando
60.7%
El Monte
60.5%
Arcadia
60%
El Segundo
59.8%
Whittier
59.8%
Lancaster
58.4%
Rancho Palos Verdes
57.9%
City
% Correct
South Pasadena
57.5%
Hawthorne
57%
Industry
56.8%
Azusa
56.1%
Gardena
55.8%
Diamond Bar
55.8%
Hermosa Beach
55.8%
Bellflower
55.4%
San Gabriel
54.4%
Lakewood
54.2%
Artesia
53.5%
Santa Clarita
53.3%
Baldwin Park
52.3%
Palos Verdes Estates
51.6%
Commerce
51.2%
Glendora
50.9%
South Gate
50.9%
Hawaiian Gardens
50.7%
Cerritos
50%
Lynwood
50%
San Dimas
49.8%
Agoura Hills
49.5%
Rolling Hills
49.5%
Bell Gardens
49.1%
Calabasas
48.6%
Norwalk
48.4%
Signal Hill
48.4%
Paramount
46.5%
Rolling Hills Estates
46.3%
Duarte
45.3%
City
% Correct
Monrovia
45.3%
Lomita
44.9%
Walnut
44.6%
Monterey Park
43.9%
South El Monte
43.9%
Lawndale
43.7%
Avalon
43%
San Marino
42.1%
Santa Fe Springs
41.8%
Vernon
40.7%
Westlake Village
40.4%
Claremont
40.2%
Pico Rivera
39.7%
Huntington Park
39.5%
Hidden Hills
38.8%
La Canada Flintridge
38.8%
Temple City
37.9%
Irwindale
37.1%
Montebello
36.4%
La Mirada
33.6%
Sierra Madre
33.4%
Cudahy
33.2%
Rosemead
32.9%
La Puente
32.5%
La Verne
31.5%
La Habra Heights
28.3%
Maywood
28.3%
Bradbury
25.2%
Quiz Playlist
Details
Report
Send in Message
Add To Playlist
Classic:
Type in answers that appear in a list
Quiz Source
Last Updated: Feb 16, 2017
Quiz Scoreboard
CHALLENGE
Sign Up to Join the Scoreboard
Show All
Scores
Hide
Comments
May contain spoilers
Recently Published
Presidents Visiting Landmarks
by Hejman
History
7m
An Introduction to Baseball
by treessimontrees
Sports
5m
Movies - When Are They Set?
by FPL_Elf
Movies
5m
More to Explore
Quiz From the Vault
Featured Blog Post
Where Did the Easter Bunny Come From?
hide this ad
You Might Also Like...
Tags
City Quiz
counties
Los Angeles
Today's Top Quizzes in Geography
Browse Geography
hide this ad
Today's Top Quizzes in City
Browse City
Top Contributed Quizzes in Geography
1
Countries of the World - No Outlines Minefield
2
Top 25 Cities of France on a map
3
Any capital of a 'B' country per Continent
4
Closest Countries to UK A-Z
5
Any capital of a 'C' country per Continent
6
One Thing in Common: United Kingdom
7
Any capital of a 'D' country per Continent
8
5-to-1: US Geography No Hints
9
Any capital of an 'E' country per Continent
10
Find the Provinces of Canada - No Outlines Minefield
Explore More
Trending Topics
Marvel
Disney
NBA
Harry Potter
Crossword
Anime
Kpop
Song
Soccer
Puzzle
NFL
WWE
The Office
Pokémon
Country
hide this ad
More By:
warren111770
Quiz
Plays
Rating
Category
Featured
Created
Cities in Los Angeles County
428
4.80
Geography
Sep 8, 2010
Go to Creator's Profile
Score Distribution
Quiz Creator Spotlight
warren111770
Follow
Send a Message
Quizzes Created
-
Created Quiz Play Count
-
More By This Creator
Popular Quizzes Today
1
Find the US States - No Outlines Minefield
2
Find the Countries of Europe - No Outlines Minefield
3
The Countries of the World
4
Find the US States
5
Popular People in 1961
6
US States
7
Risky Map Clicking: Biggest States A-Z
8
Movies - When Are They Set?
More Geography Quizzes
All about... Guinea
Quiz Lab
Trending Quizzes
Risky Map Clicking: Least Populous States A-Z
1-10 Letter G Words
1-10 Letter F Words
Risky Map Clicking: Next State Alphabetically
Risky Map Clicking: Biggest States A-Z
Recently Updated
Leaping Animals
pecheneg
Reality TV Shows (A-Z)
bhenderson79
Rickey Henderson's Hall of Fame Teammates
pecheneg
Champions League XIs: Arsenal
pecheneg
Quick Pick: Celebrities in WWE's Hall of Fame
aduchscher
A-Z Keypad Blitz II
pecheneg
Multiple Oscar Actors
pecheneg
Mystery Phrase Blitz: Oscar 'Best Actors'
pecheneg
F. Scott Fitzgerald Novels
LTH
Pick 3 Villains
ddd62291
Trending Topics
Crossword
NBA
Marvel
Kpop
Anime
Harry Potter
Disney
WWE
Pokémon
Soccer
NFL
Country
Puzzle
The Office
Song
Your Account Isn't Verified!
In order to create a playlist on Sporcle, you need to verify the email address you used during registration. Go to your
Sporcle Settings
to finish the process.
Report this User
Report this user for behavior that violates our
Community Guidelines
.
Details:
Send Report
Go to the Sporcle.com Mobile Site →
Comments